Implementation Status Quo of the BEPS Actions in Slovakia
Stav implementácie opatrení BEPS (Base Erosion and Profit Shifting) do slovenského daňového práva v rámci písomného a mäkkého práva („soft law“). Proces zastavenia presúvania zisku najmä nadnárodných spoločností v rámci 15 opatrení BEPS pod vedením OECD od roku 2013. Implementácia zmien do vnútroštá...
Salvato in:
| Autore principale: | |
|---|---|
| Natura: | Capitolo di libro |
| Lingua: | inglese |
| Soggetti: | |
| Tags: |
Nessun Tag, puoi essere il primo ad aggiungerne!!
|
MARC
| LEADER | 00000naa$a2200000$$$4500 | ||
|---|---|---|---|
| 001 | 0270474 | ||
| 005 | 20240502074234.7 | ||
| 041 | 0 | |a eng | |
| 044 | |a SK | ||
| 245 | 1 | 0 | |a Implementation Status Quo of the BEPS Actions in Slovakia |c Branislav Kováč |
| 520 | |a Stav implementácie opatrení BEPS (Base Erosion and Profit Shifting) do slovenského daňového práva v rámci písomného a mäkkého práva („soft law“). Proces zastavenia presúvania zisku najmä nadnárodných spoločností v rámci 15 opatrení BEPS pod vedením OECD od roku 2013. Implementácia zmien do vnútroštátnych právnych predpisov a právnych predpisov EÚ do daňových zákonov. Opatrenia pre spravodlivejšie a transparentnejšie zdaňovanie, transpozícia smernice ATAD do slovenského zákona o dani z príjmov, prijatie multilaterálneho nástroja, obmedzenie odpočtu úrokov a všeobecné pravidlo proti vyhýbaniu sa daňovým povinnostiam (GAAR). | ||
| 610 | 2 | 0 | |a dane zo zisku |
| 610 | 2 | 0 | |a odvody zo zisku |
| 610 | 2 | 0 | |a raje daňové |
| 610 | 2 | 0 | |a úpravy právne |
| 610 | 2 | 0 | |a transparentnosť |
| 610 | 2 | 0 | |a multilateralita |
| 610 | 2 | 0 | |a Slovensko |
| 610 | 2 | 0 | |a Európska únia |
| 610 | 2 | 0 | |a OECD |
| 100 | 1 | |a Kováč, Branislav, 1976- | |